000 03172nam a22002777a 4500
005 20230225093153.0
008 230224b ||||| |||| 00| 0 eng d
020 _a9789389583588
040 _cAL
041 _aeng
082 _223
_a574.5028
_bGOPL
100 _aR Gopalan and others
_973293
245 _aLaboratory manual for environmental chemistry
260 _aNew Delhi
_bI K International Pvt Ltd
_c2020
300 _aix,192p.
_bPB
_c24x16cm.
365 _2Food Processing Technology
_a7952
_b252.00
_c
_d315.00
_e20%
_f20-02-2023
520 _aThe present book is meant for the students who opt for a course in “Environmental Chemistry” with laboratory work as a component of the course. Spread in 72 experiments the analyses of soil, water and air have been described in a simple manner so that most of these experiments can be conducted even by the beginners in this subject. The principals involved, preparation of the reagents and the procedures are described for each experimental method. The authors hope that this manual would prove to be useful in laboratories where soil, water and air are routinely tested.
521 _aTable of Contentents: PART I - WATER ANALYSIS : Principles of Spectrometric Analysis Sampling Techniques Colour Turbidity Total Dissolved Solids Conductance pH Value Acidity Alkalinity Dissolved Oxygen Chemical Oxygen Demand Biochemical Oxygen Demand Dissolved Organic Carbon Calcium Hardness of Water Total Hardness of Water Nitrate Nitrogen Nitrate Nitrogen Brucine Method Ammonia Nitrogen Fluoride Fluoride in Drinking Water (by Fluoride Electrode) Chloride Residual Chlorine Sulphide Sulphite Sulphate Phosphate Iron Chromium Copper Lead Nickel Cadmium Mercury Cyanides Boron Selenium Arsenic Suspended Solids Determination of Chlorophyll-a Determination of Productivity PART II SOIL ANALYSIS : Collection of Soil Samples pH Value Soluble Salts Identification of Calcium Carbonate, Nitrogen, Phosphorus and Potassium Calcium Carbonate Gypsum Requirement Lime Requirement Alkalinity Organic Carbon Total Nitrogen Available Nitrogen Ammonium Nitrogen Nitrate Nitrogen Nitrite Nitrogen Available Phosphorus Available Sulphur Silica Available Potassium Sodium Calcium and Magnesium Micronutrient Elements Pesticide Residues Separation and Identification of Pesticide Residues from the Soil PART III AIR ANALYSIS : Qualitative Analysis of CO, CO2, H2S, SO2, NO and NO2 Carbon Monoxide Carbon Dioxide Hydrogen Sulphide Sulphur Dioxide Nitric Oxide and Nitrogen Dioxide Particulates PART IV MISCELLANEOUS: Calcium in Egg Shells Effect of pH on Germination of Seeds Effect of Copper Salt on Germination of seeds Phosphate in Detergents Benzoic Acid and Sorbic Acid in Soft Drinks Sulphur Dioxide in Soft Drinks Identification of Food Adulterants Appendices References Index
650 _aWater Analysis
_973140
650 _aSoil Analysis
_973141
650 _aAir Analysis
_973142
700 _aGOPALAN (R)
_973143
700 _aANAND (Amritha)
_973144
700 _aSUGUMAR (R Wilfred)
_973145
942 _2ddc
_cBK
999 _c226807
_d226807